Coppa Italia Champions - Statistics

General Stats
  • This quiz has been taken 1,725 times
  • The average score is 12 of 16
Answer Stats
Wins Team % Correct
9 Juventus FC
100%
5 AC Milan
99%
7 FC Internazionale
99%
9 AS Roma
98%
5 SS Lazio
94%
4 SSC Napoli
93%
6 ACF Fiorentina
84%
5 Torino FC
81%
4 UC Sampdoria
75%
1 Genoa CFC
72%
3 Parma FC
72%
2 Bologna FC 1909
65%
1 Atalanta BC
60%
1 FBC Unione Venezia
34%
1 Vicenza Calcio
23%
1 FC Vado
11%
No matching quizzes found
Score Distribution
Percent of People with Each Score
Percentile by Number Answered
Your Score History
You have not taken this quiz